00422nam a2200157Ia 450000500170000000800410001704000190005804100120007708200160008924500580010526000260016330000110018965000310020070000230023185000100025420230223145143.0131103s9999 xx 000 0 und d aLoreto College aEnglish a821.04bSCU aModern poets on modern poetrycEdited by James Scully aLondonbCollinsc1966 a285p.  aEnglish poetry - criticism aScully, James; ed. aLCLIB